Southville International School and Colleges
Your cart is empty.
  • Cart
  • Lists
    Public lists Eva Luna New books Lux_list list_1
    Your lists Log in to create your own lists
  • Log in to your account
  • Your cookies
  • Search history
Southville International School and Colleges
  • Advanced search
  • Recent comments
  • Most popular
  • Libraries

Log in to your account

Log in with GOOGLE


If you do not have an external account, but do have a local account, you can still log in:

  1. Home
  2. MARC view: Owls /
Normal view MARC view ISBD view

Owls / (Record no. 196)

[ view plain ]
MARC details
000 -LEADER
fixed length control field 01254cam a22003614a 4500
001 - CONTROL NUMBER
control field 13376679
003 - CONTROL NUMBER IDENTIFIER
control field OSt
005 - DATE AND TIME OF LATEST TRANSACTION
control field 20140310181623.0
008 - FIXED-LENGTH DATA ELEMENTS--GENERAL INFORMATION
fixed length control field 031017s2004 mnua c b 001 0 eng
010 ## - LIBRARY OF CONGRESS CONTROL NUMBER
LC control number 2003023019
020 ## - INTERNATIONAL STANDARD BOOK NUMBER
International Standard Book Number 1575057298 (lib. bdg. : alk. paper)
020 ## - INTERNATIONAL STANDARD BOOK NUMBER
International Standard Book Number 157505745X (pbk. : alk. paper)
040 ## - CATALOGING SOURCE
Original cataloging agency DLC
Transcribing agency DLC
Modifying agency DLC
042 ## - AUTHENTICATION CODE
Authentication code pcc
-- lcac
050 00 - LIBRARY OF CONGRESS CALL NUMBER
Classification number QL 696
Item number .M346 2004
082 00 - DEWEY DECIMAL CLASSIFICATION NUMBER
Classification number REF 598.9
Item number M25 2004
100 1# - MAIN ENTRY--PERSONAL NAME
Personal name Markle, Sandra.
245 10 - TITLE STATEMENT
Title Owls /
Statement of responsibility, etc Sandra Markle.
260 ## - PUBLICATION, DISTRIBUTION, ETC. (IMPRINT)
Place of publication, distribution, etc Minneapolis :
Name of publisher, distributor, etc Carolrhoda Books,
Date of publication, distribution, etc c2004.
300 ## - PHYSICAL DESCRIPTION
Extent 39 p. :
Other physical details col. ill. ;
Dimensions 23 x 29 cm.
490 1# - SERIES STATEMENT
Series statement Animal predators
504 ## - BIBLIOGRAPHY, ETC. NOTE
Bibliography, etc Includes bibliographical references (p. 39) and index.
520 ## - SUMMARY, ETC.
Summary, etc Discusses the physical characteristics of owls that combine to make them such able predators.
521 ## - TARGET AUDIENCE NOTE
Target audience note
541 ## - IMMEDIATE SOURCE OF ACQUISITION NOTE
-- 1
562 ## - COPY AND VERSION IDENTIFICATION NOTE
Number of copies 1
650 #0 - SUBJECT ADDED ENTRY--TOPICAL TERM
Topical term or geographic name as entry element Owls
Form subdivision Juvenile literature.
650 #1 - SUBJECT ADDED ENTRY--TOPICAL TERM
Topical term or geographic name as entry element Owls.
800 1# - SERIES ADDED ENTRY--PERSONAL NAME
Personal name Markle, Sandra.
Title of a work Animal predators.
906 ## - LOCAL DATA ELEMENT F, LDF (RLIN)
a 7
b cbc
c orignew
d 1
e ecip
f 20
g y-gencatlg
942 ## - ADDED ENTRY ELEMENTS (KOHA)
Source of classification or shelving scheme Library of Congress Classification
Koha item type
Call number prefix
Holdings
Withdrawn status Lost status Source of classification or shelving scheme Damaged status Home library Current library Shelving location Date acquired Total Checkouts Full call number Barcode Date last seen Copy number Price effective from Koha item type
    Library of Congress Classification   Luxembourg Library Luxembourg Library Reference Section 01/16/2012   QL 696 .M364 2004 18624 08/13/2013 1 10/03/2013 Books

Owls /

APA

Markle S., . (2004). Owls. Minneapolis: Carolrhoda Books.

Chicago

Markle Sandra, . 2004. Owls. Minneapolis: Carolrhoda Books.

Harvard

Markle S., . (2004). Owls. Minneapolis: Carolrhoda Books.

MLA

Markle Sandra, . Owls. Minneapolis: Carolrhoda Books. 2004.

  • Print
  • Cite
  • Add to your cart (remove)
  • Save record
    BIBTEX Dublin Core MARCXML MARC (non-Unicode/MARC-8) MARC (Unicode/UTF-8) MARC (Unicode/UTF-8, Standard) MODS (XML) RIS
  • More searches
    Search for this title in:
    Other Libraries (WorldCat) Other Databases (Google Scholar) Online Stores (Bookfinder.com) Open Library (openlibrary.org)

Exporting to Dublin Core...

SOUTHVILLE LIBRARY

Southville International School and Colleges Library

1281 Tropical Ave. Cor. Luxembourg St., BF Homes International, Las Pinas City

Tel. No. 8256374 / 252358 Loc. 117/146

Powered by Koha